| 000 | 00785cab a2200253 4500 | ||
|---|---|---|---|
| 001 | ABS50498 | ||
| 008 | 090401t1994 xxu||||| |||| 00| 0 eng d | ||
| 035 | _a(Sirsi) u76179 | ||
| 041 | _aeng | ||
| 245 | _aRussia | ||
| 260 | _c1994 | ||
| 350 | _a0 | ||
| 490 |
_aEstates News _v4(32) April 1994, 23-25(3) |
||
| 520 | _aThis special feature on Russia includes a reprint from a recent Hanscomb/ Means Construction Intelligence report and discusses recent developements in Russian land law. | ||
| 650 | _aBUILT ENVIRONMENT-BUILDING COSTS | ||
| 650 | _aBUILT ENVIRONMENT-BUILDING MATERIALS | ||
| 650 | _aLAND LAW | ||
| 650 | _aPROPERTY MARKET | ||
| 650 | _aRUSSIA | ||
| 690 | _aOVERSEAS-EUROPE | ||
| 690 | _aPROPERTY LAW AND PRACTICE | ||
| 942 | _n0 | ||
| 948 | _c04/03/1997 | ||
| 999 |
_c47935 _d47935 |
||